| 000 | 00853nam a2200241 a 4500 | ||
|---|---|---|---|
| 999 |
_c12076 _d12076 |
||
| 001 | 12076 | ||
| 003 | BD-JhCC | ||
| 005 | 20210314082527.0 | ||
| 008 | 200329s20002017b |||| ||a| 000 0 ben d | ||
| 020 | _a9847012400296 | ||
| 035 | _a(BD-JhCC)12076 | ||
| 040 |
_aBD-JhCC _dBD-JhCC |
||
| 041 | _abengali | ||
| 082 |
_a923.1 _bKHO 2017 |
||
| 100 | _aখোকা,মমিনুল হক | ||
| 245 |
_aঅস্তরাগে স্মৃতি সমুজ্জ্বল বঙ্গবন্ধ, তাঁর পরিবার ও আমি / _cমমিনুল হক খোকা। |
||
| 260 |
_aঢাকা: _bসাহিত্য প্রকাশ; _c২০১৭. |
||
| 300 |
_a১১৫ পৃ. : _c২০ সেমি. |
||
| 600 | _aRahaman, shekh Mojibur | ||
| 650 | _aBiography | ||
| 942 |
_2ddc _cBK |
||